000 00480nam a22001817a 4500
005 20240216192053.0
008 240216b |||||||| |||| 00| 0 eng d
020 _a9789351521068:
082 _a617.6
_bCHA-E
100 _aChatterjee,Kabita
245 _aEssentials of Dental Anatomy & Oral Histology/
250 _a2nd ed.
260 _aIndia:
_bElsevier,
_c2014.
300 _a276 p:
_bill,
_c23 cm.
500 _aInclude Index.
650 _aMedical/Dentistry
999 _c35153
_d35153